[Event "7th Cesme Open-A 2019"]
[Site "Cesme"]
[Date "2019.06.26"]
[Round "4"]
[White "Kucuksari, Kaan"]
[Black "Abdullayev, Azer"]
[Result "1-0"]
[WhiteElo "2299"]
[BlackElo "2064"]
[Annotator "TA"]
[PlyCount "49"]
[EventDate "2019.06.24"]
[EventType "swiss"]
[EventCountry "TUR"]
[SourceTitle "playchess.com"]
[Source "ChessBase"]
[SourceQuality "1"]

{[%evp 13,49,9,62,41,40,37,33,39,52,26,29,-85,-91,-97,-61,-108,-110,-181,-180,-202,-124,-228,-154,-242,-171,-178,-122,-100,0,0,147,-250,1601,1616,29994,29995,29995,29996]} 1. d4 d5 2. Nf3 Nf6 3. e3 e6 4. Bd3 c5 5. b3 Nc6 6. O-O Bd6 7. Bb2 Qc7 (7... cxd4 $11 8. exd4 O-O) 8. c4 {D05: Colle System with ...e6} dxc4 9. bxc4 O-O 10. Nc3 {White is slightly better.} a6 11. a3 (11. d5 Ne7 12. a4 Rd8 13. e4 Ng6 14. h3 e5 15. Re1 Bd7 {1-0 (41) Romanov,E (2614)-Beerdsen,T (2460) Hoogeveen 2018}) 11... b6 12. Ng5 $146 (12. Rc1 $11) ({Predecessor:} 12. Ne4 Nxe4 13. Bxe4 f5 14. Bd3 e5 15. Be2 exd4 16. exd4 cxd4 17. Nxd4 Nxd4 18. Qxd4 {0-1 (26) Fegan,C (2081)-Carleton,J (2251) England 2015}) 12... cxd4 $17 13. exd4 Bxh2+ ({Not} 13... Nxd4 14. Nce4 $16) 14. Kh1 Bf4 (14... Nxd4 15. Nce4 $16) 15. Nge4 (15. Nh3 $17) 15... Nxe4 $19 16. Bxe4 Bb7 17. g3 (17. Ne2 $17) 17... Bd6 18. Kg2 (18. Rc1 $17) 18... Na5 19. Qf3 Bxe4 ({Better is} 19... Rab8 $19 20. Bxb7 Qxb7 21. Qxb7 Rxb7) 20. Nxe4 $17 Nxc4 (20... Be7 $1 $17 21. d5 f5) 21. Rac1 $1 $11 b5 (21... Be7 $11 {keeps the balance.} 22. Rh1 Qc8) 22. d5 $2 {[%mdl 8192]} (22. Nf6+ $1 $16 {is necessary to keep the advantage.} gxf6 23. Qg4+ Kh8 24. d5) 22... e5 $4 {[%mdl 8192] [#]} ({Weaker is} 22... exd5 23. Nf6+ $1 {[%mdl 512]} Kh8 24. Qf5 Ne3+ 25. fxe3 Qc2+ 26. Rxc2 g6 27. Rh1 $1 {[%mdl 512]} h6 28. Rxh6+ Kg7 29. Rh7#) (22... f5 $19 23. Nd2 e5 24. Nxc4 bxc4) 23. Nf6+ $1 $18 {[%mdl 512]} Kh8 {[#]} (23... gxf6 24. Qg4+) 24. Rh1 $1 {[%csl Gf6][%cal Rh1h7][%mdl 512]} h6 25. Qf5 {Accuracy: White = 33%, Black = 64%.} 1-0

[Event "7th Cesme Open-A 2019"]
[Site "Cesme"]
[Date "2019.06.26"]
[Round "4"]
[White "Lomsadze, Davit"]
[Black "Bashirli, Nail"]
[Result "1/2-1/2"]
[WhiteElo "2292"]
[BlackElo "2367"]
[Annotator "TA"]
[PlyCount "132"]
[EventDate "2019.06.24"]
[EventType "swiss"]
[EventCountry "TUR"]
[SourceTitle "playchess.com"]
[Source "ChessBase"]
[SourceQuality "1"]

{[%evp 10,132,0,-13,0,0,0,0,6,-16,0,-20,0,-9,-15,-21,0,-19,10,-16,8,23,18,-1,-7,0,14,21,13,8,6,22,44,33,63,43,77,83,72,83,80,79,46,16,24,0,0,0,0,0,0,-11,-9,-108,-53,-53,-53,-53,-44,-83,-83,-88,-70,-69,-16,-47,-47,-47,-47,-54,0,-40,-23,-27,-13,-55,-36,-36,-36,-37,0,-33,0,-41,0,0,10,11,12,14,14,8,59,58,66,66,66,66,75,75,75,75,85,89,93,69,69,56,81,33,33,18,18,14,23,18,22,14,14,15,27,8,8,8,8]} 1. Nf3 c5 2. g3 Nc6 3. Bg2 g6 4. O-O Bg7 5. d3 d6 6. Nc3 Nf6 {A04: Unusual lines after 1 Nf3 and King's Indian Attack} (6... Bd7 7. Bd2 Qc8 8. a3 Bh3 9. Bxh3 Qxh3 10. b4 Nf6 11. bxc5 Ng4 12. Ne4 h6 13. Be1 Nce5 14. Ned2 h5 15. d4 Nxf3+ 16. Nxf3 h4 17. Qd3 hxg3 18. fxg3 Nxh2 {0-1 (18) Bareev,E (2675)-So,W (2773) Chess Supersite INT 2016}) 7. Bd2 O-O 8. a3 a6 $146 ({Predecessor:} 8... Rb8 9. Rb1 a5 10. Nb5 Ne8 11. c4 Bd7 12. Bc3 Nc7 13. Bxg7 Kxg7 {1-0 (35) Lomsadze,D (2352)-Nifdaliyev,J (1991) Ankara 2018}) 9. Rb1 b5 10. b4 Bd7 11. e4 Rc8 12. h3 Ne8 13. Ne2 {[%cal Bc3e2,Be2f4,Bf4d3,Bd3c5][%mdl 32]} Nc7 14. c3 cxb4 15. axb4 d5 16. Nf4 dxe4 17. dxe4 e5 18. Nd3 Be6 19. Nc5 Bc4 20. Re1 Qe7 21. Be3 Rfd8 22. Qc1 a5 23. Nb7 Rd7 {[%cal Ra5b4]} 24. Nxa5 Nxa5 25. bxa5 Ne6 26. Ra1 Nc5 27. Qa3 Bf8 $1 28. Bxc5 Rxc5 29. a6 {[#] a7 is the strong threat.} Ra7 30. Red1 Qf6 {aiming for ...Be2.} 31. Qa5 (31. Nd2 $11) 31... Be2 (31... Be7 $17 32. Rd7 Rxd7) 32. Qd8 $15 Rxa6 33. Rxa6 Qxa6 34. Rd2 Rc8 35. Qd7 Bxf3 36. Bxf3 Qa1+ ({Better is} 36... Rxc3 $15 37. Be2 Qa4) 37. Kh2 Qxc3 38. Bd1 {White wants to play Rc2.} Rc7 39. Qd8 Rc8 40. Qd7 {With the idea Rc2.} Rc4 41. Rd3 Rc7 42. Qd8 (42. Qxb5 $5 {[%cal Rd3c3]} Qe1 43. Qb2 $15) 42... Qc5 43. Kg2 Rc8 44. Qd7 Rc7 45. Qd8 Rc8 46. Qd7 Qc6 {[#]} 47. Bb3 $1 {[%mdl 512]} Rc7 48. Bxf7+ Kg7 49. Qxc6 Rxc6 $11 {[%mdl 4096] Endgame KRB-KRB} 50. Rd7 {Black must now prevent Bd5+.} Rd6 (50... Kh8 $11) 51. Rb7 $14 b4 52. Bb3+ Kh8 $1 53. Rxb4 h5 54. Rb5 Bg7 55. Bd5 Bf6 56. f4 Rd7 57. Rb8+ Kg7 58. Re8 Re7 59. Rc8 h4 60. fxe5 Rxe5 61. Rg8+ Kh6 62. gxh4 Bxh4 63. Kf3 Bf6 64. Rf8 Bg7 65. Rf4 Rh5 66. h4 Be5 {Accuracy: White = 42%, Black = 50%.} 1/2-1/2

[Event "7th Cesme Open-A 2019"]
[Site "Cesme"]
[Date "2019.06.26"]
[Round "4"]
[White "Kara, Yanki"]
[Black "Erdogdu, Mert"]
[Result "1/2-1/2"]
[WhiteElo "2186"]
[BlackElo "2391"]
[Annotator "TA"]
[PlyCount "46"]
[EventDate "2019.06.24"]
[EventType "swiss"]
[EventCountry "TUR"]
[SourceTitle "playchess.com"]
[Source "ChessBase"]
[SourceQuality "1"]

{[%evp 23,46,15,15,20,29,-6,0,-68,-15,-17,-21,-21,-18,-20,-8,-14,-4,-15,25,19,42,24,49,34,62]} 1. Nf3 Nf6 2. c4 g6 3. Nc3 Bg7 4. d4 O-O 5. e4 d6 6. Be2 e5 7. dxe5 dxe5 8. Qxd8 Rxd8 9. Bg5 Nbd7 10. O-O-O Rf8 11. h3 c6 12. Be3 Re8 13. Ne1 {E92: King's Indian: Classical: 6 Be2 e5: 7 dxe5, 7 Be3 and Petrosian System without 7...Nbd7} (13. a3 Bf8 14. Rhe1 Nc5 15. Nd2 a5 16. Kc2 a4 17. Bg5 Nfd7 18. Bg4 h5 19. Bxd7 Nxd7 20. Na2 f6 {0-1 (29) Shishkin,V (2508)-Nyzhnyk,I (2625) Mamaia 2013}) 13... Nf8 14. Nc2 Ne6 15. b4 $146 (15. Rd2 $11) ({Predecessor:} 15. Bg4 Nf4 16. Bxc8 Rexc8 17. g3 Ne6 18. f3 Kf8 19. g4 Ke8 20. h4 h5 {½-½ (53) Jaroch,P (2136)-Kanarek,M (2226) Wysowa 2007}) 15... b6 ({Black should try} 15... a5 $15 16. b5 h6) 16. Rhe1 Bb7 17. f3 Bf8 18. a3 Kg7 19. Bf2 Nh5 20. Bf1 c5 21. Nd5 Rec8 22. Kb2 Rd8 23. Bh4 g5 {Accuracy: White = 40%, Black = 22%.} 1/2-1/2

[Event "7th Cesme Open-A 2019"]
[Site "Cesme"]
[Date "2019.06.26"]
[Round "4"]
[White "Tepe, Efe Can"]
[Black "Kamer, Kayra"]
[Result "0-1"]
[WhiteElo "2150"]
[BlackElo "2353"]
[Annotator "TA"]
[PlyCount "64"]
[EventDate "2019.06.24"]
[EventType "swiss"]
[EventCountry "TUR"]
[SourceTitle "playchess.com"]
[Source "ChessBase"]
[SourceQuality "1"]

{[%evp 15,64,13,6,-10,-10,-23,-14,-30,-29,-57,-34,-33,-31,-38,-41,-120,-128,-116,-91,-137,-104,-90,-52,-267,-244,-230,-225,-266,-257,-286,-215,-208,-205,-201,-201,-824,-808,-814,-801,-1149,-1129,-1135,-1122,-1123,-1018,-1182,-1173,-1212,-990,-954,-904]} 1. e4 c5 2. Nf3 e6 3. d4 cxd4 4. Nxd4 a6 5. Bd3 Nf6 6. O-O Qc7 7. c4 Nc6 8. Nxc6 dxc6 9. Nd2 {B42: Sicilian: Kan Variation: 5 Bd3} (9. f4 e5 10. f5 h5 11. Qe2 Bc5+ 12. Be3 Qb6 13. Bxc5 Qxc5+ 14. Qf2 Qd6 15. Bc2 Ng4 16. Qb6 a5 17. Kh1 {0-1 (33) Kabanov,N (2447)-Shaposhnikov,E (2576) Taganrog 2019}) 9... e5 10. Nb3 $146 ({Predecessor:} 10. b3 Bc5 11. Bb2 O-O 12. Nf3 Re8 13. h3 Nh5 14. Qd2 f6 15. b4 Bf8 16. c5 Be6 {1-0 (60) Lombardi,F (2054)-Condino,G (2115) Villa Martelli 2017}) 10... a5 11. a4 {The position is equal.} Bb4 12. f4 O-O 13. f5 Rd8 $36 {[%mdl 2048] White is under pressure.} 14. Qe2 b6 {[%cal Bb7b6,Bb6c5,Bc5c4][%mdl 32]} 15. g4 {[#]} (15. Bg5 $15) 15... Nxg4 $1 $17 {[%mdl 512]} 16. Rf3 (16. Qxg4 Rxd3) 16... Nf6 17. Rg3 Kf8 {[#]} 18. c5 $1 {[%mdl 512]} bxc5 (18... Bxc5+ 19. Nxc5) 19. Be3 $2 {[#]} (19. Bg5 $1 $15) 19... c4 $1 $19 {[%mdl 64] Deflection} 20. Bxc4 {next Qg2 is good for White.} Nxe4 21. Rg2 {Strongly threatening Qg4.} Bxf5 22. Rf1 Qd7 23. Qh5 {[#]} Nd6 $1 {[%cal Rd6c4]} 24. Nc5 Qe7 25. Rg5 $2 (25. Bb3) 25... Nxc4 {Black is clearly winning.} 26. Rgxf5 f6 27. Ne4 Nxe3 28. Qxh7 Nxf5 29. Rxf5 Ke8 30. Qh3 Qe6 31. Qg4 Kd7 32. Qxg7+ Kc8 {Accuracy: White = 31%, Black = 73%.} 0-1

[Event "7th Cesme Open-A 2019"]
[Site "Cesme"]
[Date "2019.06.26"]
[Round "4"]
[White "Rzayev, Askar Aliakbar"]
[Black "Chighladze, Iveri"]
[Result "0-1"]
[WhiteElo "2089"]
[BlackElo "2317"]
[Annotator "RC"]
[PlyCount "98"]
[EventDate "2019.06.24"]
[EventType "swiss"]
[EventCountry "TUR"]
[SourceTitle "playchess.com"]
[Source "ChessBase"]
[SourceQuality "1"]
[TimeControl "5400+30"]

1. d4 {[%emt 0:03:30]} Nf6 {[%emt 0:00:30]} 2. c4 {[%emt 0:00:30]} a6 {[%emt 0:02:30]} 3. Nc3 {[%emt 0:03:30]} c5 {[%emt 0:00:30]} 4. d5 {[%emt 0:00:00]} b5 {[%emt 0:00:30]} 5. cxb5 {[%emt 0:02:00]} axb5 {[%emt 0:00:30]} 6. Nxb5 {[%emt 0:00:30]} g6 {[%emt 0:05:30]} 7. Nc3 {[%emt 0:00:30]} Bg7 {[%emt 0:00:30]} 8. e4 {[%emt 0:00:30]} d6 {[%emt 0:00:30]} 9. Bb5+ {[%emt 0:02:30]} Bd7 {[%emt 0:00:30]} 10. Bxd7+ {[%emt 0:00:30]} Nbxd7 {[%emt 0:00:30]} 11. Nf3 {[%emt 0:00:30]} O-O {[%emt 0:00:30]} 12. O-O {[%emt 0:00:00]} Qb6 {[%emt 0:06:30]} 13. Qe2 {[%emt 0:06:00]} Qa6 {[%emt 0:01:30]} 14. Re1 {[%emt 0:16:30]} Ng4 {[%emt 0:14:30]} 15. Bg5 {[%emt 0:05:30]} Bxc3 {[%emt 0:00:30]} 16. bxc3 {[%emt 0:01:30]} f6 {[%emt 0:00:00]} 17. h3 {[%emt 0:19:30]} Nge5 {[%emt 0:03:00]} 18. Nxe5 {[%emt 0:01:30]} Nxe5 {[%emt 0:00:00]} 19. Be3 {[%emt 0:05:30]} Qxe2 {[%emt 0:09:00]} 20. Rxe2 {[%emt 0:00:00]} Ra4 {[%emt 0:00:30]} 21. f3 {[%emt 0:00:00]} Rfa8 {[%emt 0:03:30]} 22. Bf4 {[%emt 0:07:30]} Nd3 {[%emt 0:00:30]} 23. Bg3 {[%emt 0:01:30]} Rc4 {[%emt 0:02:30]} 24. f4 {[%emt 0:03:02]} Rxc3 {[%emt 0:04:30]} 25. Re3 {[%emt 0:01:43]} Rca3 {[%emt 0:01:30]} 26. e5 {[%emt 0:05:54]} Nb4 {[%emt 0:00:30]} 27. Rxa3 {[%emt 0:00:32]} Rxa3 {[%emt 0:00:30]} 28. Kh2 {[%emt 0:00:05]} Rxa2 {[%emt 0:00:30]} 29. Re1 {[%emt 0:01:14]} f5 {[%emt 0:00:30]} 30. Rd1 {[%emt 0:06:42]} Re2 {[%emt 0:04:30]} 31. Bh4 {[%emt 0:02:19]} Kf8 {[%emt 0:00:30]} 32. exd6 {[%emt 0:00:03]} exd6 {[%emt 0:00:30]} 33. Bd8 {[%emt 0:01:24]} c4 {[%emt 0:01:30]} 34. Ba5 {[%emt 0:03:33]} Nd3 {[%emt 0:00:30]} 35. Rb1 {[%emt 0:00:30]} Nxf4 {[%emt 0:00:30]} 36. Rb8+ {[%emt 0:00:34]} Kg7 {[%emt 0:03:30]} 37. Bb4 {[%emt 0:00:49]} Nxg2 {[%emt 0:01:30]} 38. Rb7+ {[%emt 0:00:21]} Kf6 {[%emt 0:00:30]} 39. Bxd6 {[%emt 0:00:32]} f4 {[%emt 0:00:30]} 40. Kg1 {[%emt 0:00:22]} c3 {[%emt 0:02:30]} 41. Rc7 {[%emt 0:00:14]} c2 {[%emt 0:00:30]} 42. Ba3 {[%emt 0:00:11]} f3 {[%emt 0:00:30]} 43. Bb2+ {[%emt 0:00:49]} Kg5 {[%emt 0:06:30]} 44. d6 {[%emt 0:00:58]} Kh4 {[%emt 0:00:30]} 45. Rc4+ {[%emt 0:00:37]} Kg3 {[%emt 0:03:30]} 46. Rg4+ {[%emt 0:00:49]} Kxh3 {[%emt 0:00:30]} 47. Rg5 {[%emt 0:00:09]} f2+ {[%emt 0:00:30]} 48. Kf1 {[%emt 0:00:51]} Ne3+ {[%emt 0:00:30]} 49. Kxe2 {[%emt 0:00:00]} f1=Q+ {[%emt 0:00:00]} 0-1

[Event "7th Cesme Open-A 2019"]
[Site "Cesme"]
[Date "2019.06.26"]
[Round "4"]
[White "Unat, Can Haktan"]
[Black "Eminov, Orkhan"]
[Result "0-1"]
[WhiteElo "2079"]
[BlackElo "2314"]
[Annotator "RC"]
[PlyCount "164"]
[EventDate "2019.06.24"]
[EventType "swiss"]
[EventCountry "TUR"]
[SourceTitle "playchess.com"]
[Source "ChessBase"]
[SourceQuality "1"]
[TimeControl "5400+30"]

1. d4 {[%emt 0:00:30]} Nf6 {[%emt 0:05:30]} 2. Nc3 {[%emt 0:00:30]} c5 {[%emt 0:03:30]} 3. d5 {[%emt 0:00:00]} d6 {[%emt 0:00:30]} 4. e4 {[%emt 0:01:00]} g6 {[%emt 0:00:30]} 5. Be2 {[%emt 0:00:00]} Bg7 {[%emt 0:00:30]} 6. Nf3 {[%emt 0:00:00]} O-O {[%emt 0:08:30]} 7. Nd2 {[%emt 0:00:00]} Nbd7 {[%emt 0:00:30]} 8. O-O {[%emt 0:00:00]} Rb8 {[%emt 0:00:30]} 9. Nc4 {[%emt 0:00:30]} Ne8 {[%emt 0:00:30]} 10. a4 {[%emt 0:00:30]} b6 {[%emt 0:00:30]} 11. f4 {[%emt 0:03:30]} a6 {[%emt 0:10:30]} 12. Be3 {[%emt 0:05:30]} Bb7 {[%emt 0:02:30]} 13. Qd2 {[%emt 0:09:30]} Ba8 {[%emt 0:11:30]} 14. Na3 {[%emt 0:01:30]} Nc7 {[%emt 0:00:30]} 15. Rab1 {[%emt 0:07:30]} Re8 {[%emt 0:01:30]} 16. Bc4 {[%emt 0:04:30]} Nf6 {[%emt 0:05:30]} 17. Bf2 {[%emt 0:18:30]} Ng4 {[%emt 0:15:30]} 18. Bh4 {[%emt 0:08:30]} Qd7 {[%emt 0:00:30]} 19. Ba2 {[%emt 0:14:30]} b5 {[%emt 0:02:30]} 20. Ne2 {[%emt 0:01:30]} Nf6 {[%emt 0:05:30]} 21. axb5 {[%emt 0:04:09]} axb5 {[%emt 0:00:30]} 22. Ng3 {[%emt 0:02:40]} Qg4 {[%emt 0:03:47]} 23. Bxf6 {[%emt 0:00:20]} Bxf6 {[%emt 0:01:26]} 24. Rf3 {[%emt 0:03:58]} Qd7 {[%emt 0:04:15]} 25. f5 {[%emt 0:07:11]} Rf8 {[%emt 0:01:17]} 26. Rbf1 {[%emt 0:00:26]} Ne8 {[%emt 0:00:14]} 27. c4 {[%emt 0:01:10]} bxc4 {[%emt 0:05:38]} 28. Nxc4 {[%emt 0:00:13]} Bb7 {[%emt 0:00:22]} 29. Rb3 {[%emt 0:03:21]} Bg7 {[%emt 0:01:47]} 30. h4 {[%emt 0:00:51]} Nf6 {[%emt 0:00:26]} 31. h5 {[%emt 0:00:55]} gxh5 {[%emt 0:03:21]} 32. Qg5 {[%emt 0:01:23]} h6 {[%emt 0:00:30]} 33. Qh4 {[%emt 0:00:30]} Ba6 {[%emt 0:00:30]} 34. Rbf3 {[%emt 0:00:30]} Bxc4 {[%emt 0:00:30]} 35. Bxc4 {[%emt 0:00:30]} Rxb2 {[%emt 0:00:02]} 36. Nxh5 {[%emt 0:00:27]} Nxh5 {[%emt 0:00:30]} 37. Qxh5 {[%emt 0:00:30]} Qa4 {[%emt 0:00:45]} 38. f6 {[%emt 0:00:23]} exf6 {[%emt 0:04:09]} 39. Bd3 {[%emt 0:01:00]} Qd4+ {[%emt 0:00:48]} 40. Kh1 {[%emt 0:00:02]} Rb3 {[%emt 0:00:35]} 41. Rd1 {[%emt 0:01:17]} Qe5 {[%emt 0:00:30]} 42. Rf5 {[%emt 0:00:30]} Qg3 {[%emt 0:00:30]} 43. Rf3 {[%emt 0:00:00]} Qe5 {[%emt 0:00:20]} 44. Rf5 {[%emt 0:00:00]} Qd4 {[%emt 0:01:35]} 45. Bc2 {[%emt 0:00:00]} Qc3 {[%emt 0:00:40]} 46. Bxb3 {[%emt 0:00:04]} Qxb3 {[%emt 0:00:00]} 47. Rdf1 {[%emt 0:00:33]} Qc2 {[%emt 0:00:10]} 48. Qg4 {[%emt 0:00:11]} Re8 {[%emt 0:00:17]} 49. Rxf6 {[%emt 0:01:15]} Qxe4 {[%emt 0:00:09]} 50. R6f4 {[%emt 0:00:35]} Qxd5 {[%emt 0:00:42]} 51. Rxf7 {[%emt 0:01:41]} Qxf7 {[%emt 0:01:11]} 52. Rxf7 {[%emt 0:00:30]} Kxf7 {[%emt 0:00:30]} 53. Qd7+ {[%emt 0:00:00]} Re7 {[%emt 0:00:00]} 54. Qf5+ {[%emt 0:00:00]} Bf6 {[%emt 0:00:26]} 55. Qd5+ {[%emt 0:00:00]} Kg7 {[%emt 0:00:30]} 56. g4 {[%emt 0:00:00]} Be5 {[%emt 0:00:30]} 57. Kg2 {[%emt 0:00:00]} Rc7 {[%emt 0:00:30]} 58. Qc4 {[%emt 0:00:18]} Rf7 {[%emt 0:00:30]} 59. Qe6 {[%emt 0:00:00]} Rc7 {[%emt 0:00:14]} 60. Qc4 {[%emt 0:00:28]} Rb7 {[%emt 0:01:05]} 61. Qe6 {[%emt 0:03:37]} Rf7 {[%emt 0:00:30]} 62. Qc4 {[%emt 0:00:30]} Rf4 {[%emt 0:00:30]} 63. Qe6 {[%emt 0:00:30]} c4 {[%emt 0:00:30]} 64. Qd7+ {[%emt 0:00:30]} Rf7 {[%emt 0:00:30]} 65. Qc6 {[%emt 0:00:30]} c3 {[%emt 0:00:30]} 66. Kh3 {[%emt 0:00:30]} Ra7 {[%emt 0:00:30]} 67. Kh4 {[%emt 0:00:30]} Rf7 {[%emt 0:00:30]} 68. Kh3 {[%emt 0:00:30]} Kg6 {[%emt 0:00:30]} 69. Qe4+ {[%emt 0:00:30]} Kg5 {[%emt 0:00:30]} 70. Qe3+ {[%emt 0:00:30]} Rf4 {[%emt 0:00:30]} 71. Qd3 {[%emt 0:00:30]} h5 {[%emt 0:00:30]} 72. gxh5 {[%emt 0:00:30]} Rh4+ {[%emt 0:00:30]} 73. Kg2 {[%emt 0:00:30]} Rh2+ {[%emt 0:00:30]} 74. Kg1 {[%emt 0:00:30]} Rxh5 {[%emt 0:00:30]} 75. Qe3+ {[%emt 0:00:30]} Kg6 {[%emt 0:00:30]} 76. Qd3+ {[%emt 0:00:30]} Kf6 {[%emt 0:00:30]} 77. Qc4 {[%emt 0:00:30]} Rh2 {[%emt 0:00:30]} 78. Qf1+ {[%emt 0:00:30]} Ke7 {[%emt 0:00:30]} 79. Qb5 {[%emt 0:00:30]} Rb2 {[%emt 0:00:30]} 80. Qc6 {[%emt 0:00:30]} c2 {[%emt 0:00:30]} 81. Qc7+ {[%emt 0:00:30]} Kf6 {[%emt 0:00:30]} 82. Qd8+ {[%emt 0:00:30]} Kf5 {[%emt 0:00:30]} 0-1

[Event "7th Cesme Open-A 2019"]
[Site "Cesme"]
[Date "2019.06.26"]
[Round "5"]
[White "Quparadze, Giga"]
[Black "Baklan, Vladimir"]
[Result "1/2-1/2"]
[WhiteElo "2498"]
[BlackElo "2620"]
[Annotator "TA"]
[PlyCount "35"]
[EventDate "2019.06.24"]
[EventType "swiss"]
[EventCountry "TUR"]
[SourceTitle "playchess.com"]
[Source "ChessBase"]
[SourceQuality "1"]

{[%evp 18,26,1,-1,16,11,12,3,8,0,13]} 1. e4 c5 2. Nf3 Nc6 3. d4 cxd4 4. Nxd4 Nf6 5. Nc3 d6 6. Nb3 g6 7. Be2 Bg7 8. O-O O-O 9. Re1 a6 10. Bg5 {The position is equal.} h6 {B70: Sicilian Dragon: 6 g3 and 6 Be2 (without a later Be3)} 11. Bh4 b5 12. Bf1 Nd7 13. Rb1 Nb6 {[#]} {Predecessor:} 14. Nd5 $146 g5 15. Bg3 Nc4 16. c3 e6 17. Ne3 N4e5 18. f3 {½-½ (55) Schmaltz,R (2530)-Kotronias,V (2602) Athens 2003} 1/2-1/2

[Event "7th Cesme Open-A 2019"]
[Site "Cesme"]
[Date "2019.06.26"]
[Round "5"]
[White "Lavrov, Maxim"]
[Black "Kucuksari, Kaan"]
[Result "1-0"]
[WhiteElo "2401"]
[BlackElo "2299"]
[Annotator "NA"]
[PlyCount "79"]
[EventDate "2019.06.24"]
[EventType "swiss"]
[EventCountry "TUR"]
[SourceTitle "playchess.com"]
[Source "ChessBase"]
[SourceQuality "1"]
[TimeControl "5400+30"]

1. Nf3 {[%emt 0:00:30]} Nf6 {[%emt 0:00:30]} 2. g3 {[%emt 0:00:30]} b6 {[%emt 0:00:00]} 3. Bg2 {[%emt 0:00:00]} Bb7 {[%emt 0:00:00]} 4. O-O {[%emt 0:00:00]} e6 {[%emt 0:00:30]} 5. d3 {[%emt 0:00:00]} d5 {[%emt 0:00:00]} 6. b3 {[%emt 0:01:00]} Be7 {[%emt 0:01:00]} 7. Bb2 {[%emt 0:00:00]} c5 {[%emt 0:00:30]} 8. Nbd2 {[%emt 0:02:00]} Nc6 {[%emt 0:00:30]} 9. e4 {[%emt 0:00:30]} O-O {[%emt 0:03:30]} 10. Re1 {[%emt 0:06:30]} b5 {[%emt 0:04:30]} 11. exd5 {[%emt 0:00:30]} Nxd5 {[%emt 0:00:30]} 12. Ne5 {[%emt 0:04:30]} b4 {[%emt 0:01:30]} 13. Nxc6 {[%emt 0:04:30]} Bxc6 {[%emt 0:00:00]} 14. Nf3 {[%emt 0:00:30]} Bf6 {[%emt 0:09:00]} 15. Bxf6 {[%emt 0:10:30]} Nxf6 {[%emt 0:06:30]} 16. Ne5 {[%emt 0:05:30]} Bd5 {[%emt 0:00:00]} 17. Bxd5 {[%emt 0:05:30]} exd5 {[%emt 0:00:00]} 18. Nc6 {[%emt 0:01:30]} Qd7 {[%emt 0:03:30]} 19. Ne7+ {[%emt 0:00:30]} Kh8 {[%emt 0:00:30]} 20. Qf3 {[%emt 0:00:00]} Rae8 {[%emt 0:09:30]} 21. Nf5 {[%emt 0:00:00]} g6 {[%emt 0:01:30]} 22. Ne3 {[%emt 0:07:30]} Kg7 {[%emt 0:00:00]} 23. Ng2 {[%emt 0:05:30]} h5 {[%emt 0:06:00]} 24. Qf4 {[%emt 0:02:30]} Qh3 {[%emt 0:08:30]} 25. f3 {[%emt 0:01:30]} d4 {[%emt 0:03:30]} 26. Qg5 {[%emt 0:01:30]} Qc8 {[%emt 0:09:30]} 27. Nf4 {[%emt 0:01:30]} Qc6 {[%emt 0:02:30]} 28. Kf2 {[%emt 0:00:30]} Re3 {[%emt 0:08:30]} 29. Rxe3 {[%emt 0:01:30]} dxe3+ {[%emt 0:00:30]} 30. Kxe3 {[%emt 0:06:30]} Qd6 {[%emt 0:03:58]} 31. Kd2 {[%emt 0:02:30]} Re8 {[%emt 0:09:03]} 32. Re1 {[%emt 0:01:30]} Rxe1 {[%emt 0:00:30]} 33. Kxe1 {[%emt 0:00:00]} Qd4 {[%emt 0:00:00]} 34. Ne2 {[%emt 0:00:00]} Qa1+ {[%emt 0:00:00]} 35. Kd2 {[%emt 0:00:30]} Nd7 {[%emt 0:01:43]} 36. Qd5 {[%emt 0:01:30]} Ne5 {[%emt 0:00:25]} 37. d4 {[%emt 0:04:30]} cxd4 {[%emt 0:00:46]} 38. Qxd4 {[%emt 0:00:30]} Qxd4+ {[%emt 0:00:35]} 39. Nxd4 {[%emt 0:00:30]} g5 {[%emt 0:00:07]} 40. Ke3 {[%emt 0:00:00]} 1-0

[Event "7th Cesme Open-A 2019"]
[Site "Cesme"]
[Date "2019.06.26"]
[Round "5"]
[White "Erdogdu, Mert"]
[Black "Iskandarov, Misratdin"]
[Result "0-1"]
[WhiteElo "2391"]
[BlackElo "2502"]
[Annotator "ChessBase"]
[PlyCount "92"]
[EventDate "2019.06.24"]
[EventType "swiss"]
[EventCountry "TUR"]
[SourceTitle "playchess.com"]
[Source "ChessBase"]
[SourceQuality "1"]
[TimeControl "5400+30"]

1. e4 {[%emt 0:01:30]} c5 {[%emt 0:03:30]} 2. Nf3 {[%emt 0:00:30]} d6 {[%emt 0:00:00]} 3. d4 {[%emt 0:00:30]} cxd4 {[%emt 0:00:00]} 4. Nxd4 {[%emt 0:00:30]} Nf6 {[%emt 0:00:30]} 5. Nc3 {[%emt 0:00:00]} a6 {[%emt 0:00:00]} 6. g3 {[%emt 0:01:00]} e5 {[%emt 0:00:00]} 7. Nb3 {[%emt 0:00:00]} Be7 {[%emt 0:00:30]} 8. Bg2 {[%emt 0:00:00]} O-O {[%emt 0:00:00]} 9. O-O {[%emt 0:00:30]} Be6 {[%emt 0:00:00]} 10. a4 {[%emt 0:03:30]} Nbd7 {[%emt 0:00:30]} 11. Re1 {[%emt 0:01:30]} Qb8 {[%emt 0:00:30]} 12. Nd2 {[%emt 0:02:30]} Bd8 {[%emt 0:00:30]} 13. Nf1 {[%emt 0:03:30]} Ba5 {[%emt 0:00:30]} 14. Bd2 {[%emt 0:00:30]} Rc8 {[%emt 0:02:30]} 15. Ne3 {[%emt 0:05:30]} Qc7 {[%emt 0:00:30]} 16. Ncd5 {[%emt 0:26:30]} Bxd5 {[%emt 0:04:30]} 17. Bxa5 {[%emt 0:00:30]} Qxa5 {[%emt 0:00:30]} 18. exd5 {[%emt 0:00:30]} g6 {[%emt 0:02:30]} 19. Ra3 {[%emt 0:10:30]} e4 {[%emt 0:05:30]} 20. c3 {[%emt 0:03:30]} Qc5 {[%emt 0:06:30]} 21. b4 {[%emt 0:01:30]} Qa7 {[%emt 0:03:30]} 22. a5 {[%emt 0:00:30]} Ne5 {[%emt 0:00:30]} 23. Qe2 {[%emt 0:03:30]} Rc7 {[%emt 0:00:30]} 24. c4 {[%emt 0:02:30]} Rac8 {[%emt 0:04:30]} 25. Qb2 {[%emt 0:01:30]} Rxc4 {[%emt 0:04:30]} 26. Nxc4 {[%emt 0:00:30]} Rxc4 {[%emt 0:00:30]} 27. Rd1 {[%emt 0:05:30]} Kg7 {[%emt 0:04:30]} 28. Bf1 {[%emt 0:03:30]} Rc7 {[%emt 0:04:30]} 29. Be2 {[%emt 0:02:30]} h5 {[%emt 0:08:30]} 30. h3 {[%emt 0:01:50]} Re7 {[%emt 0:15:30]} 31. Qd2 {[%emt 0:03:39]} Qb8 {[%emt 0:01:30]} 32. Rc3 {[%emt 0:00:13]} Qe8 {[%emt 0:02:30]} 33. Qd4 {[%emt 0:02:21]} h4 {[%emt 0:03:30]} 34. g4 {[%emt 0:01:23]} g5 {[%emt 0:01:30]} 35. Qb6 {[%emt 0:05:38]} Ng6 {[%emt 0:01:30]} 36. Qxd6 {[%emt 0:02:28]} e3 {[%emt 0:00:30]} 37. Bf3 {[%emt 0:00:55]} Nf4 {[%emt 0:05:25]} 38. Qc5 {[%emt 0:03:22]} Nxh3+ {[%emt 0:02:06]} 39. Kg2 {[%emt 0:00:02]} Nxf2 {[%emt 0:00:31]} 40. d6 {[%emt 0:02:55]} h3+ {[%emt 0:04:24]} 41. Kh2 {[%emt 0:00:12]} Re5 {[%emt 0:01:18]} 42. Qd4 {[%emt 0:01:00]} Nxd1 {[%emt 0:00:43]} 43. Qxd1 {[%emt 0:00:10]} e2 {[%emt 0:00:32]} 44. Qe1 {[%emt 0:00:02]} Qe6 {[%emt 0:01:16]} 45. Rc2 {[%emt 0:00:48]} Qxd6 {[%emt 0:00:19]} 46. Kxh3 {[%emt 0:00:33]} Qd3 {[%emt 0:00:13]} 0-1